000
00260nam a2200121Ia 4500
008
221030s9999 xx 000 0 und d
041
_a
English
100
_a
BPB
245
0
_a
Microprocessor Data Handbook
_c
by BPB
260
_c
0
650
_a
B
942
_c
BK
999
_c
14433
_d
14433